| 000 | 00000nam 2200000za 4500 |
| 001 | 9.839834 |
| 003 | CaOODSP |
| 005 | 20221107151709 |
| 007 | cr ||||||||||| |
| 008 | 170718q2014 onca |o f|0| 0 eng d |
| 040 | |aCaOODSP|beng |
| 043 | |an-cn--- |
| 086 | 1 |aNM34-2/2014E-PDF |
| 245 | 00|aDo try this at home! |h[electronic resource] : |belastic science. |
| 260 | |a[Ottawa] : |bCanada Science and Technology Museum, |c[2014?] |
| 300 | |a[7] p. : |bill. |
| 500 | |aIssued also in French under title: À faire chez soi! : la science de l'élasticité. |
| 500 | |aCaption title. |
| 692 | 07|2gccst|aSciences |
| 692 | 07|2gccst|aExperiments |
| 710 | 1 |aCanada.|bCanada Science and Technology Museum. |
| 775 | 08|tÀ faire chez soi! |w(CaOODSP)9.839840 |
| 856 | 40|qPDF|s512 KB|uhttps://publications.gc.ca/collections/collection_2017/mstc-cstm/NM34-2-2014-eng.pdf |